000 00538nam a2200193 a 4500
005 20240806063918.0
008 050829s1984 mx r 000 0 spa d
020 _a9688470937
035 _aUPN01000139904
049 _aCG
050 4 _aPQ7297 P2.85
_bP3.6a
100 1 _aPaz, Octavio,
_d1914-1998
245 1 4 _aLas peras del olmo /
_cOctavio Paz.
260 _aMéxico :
_bOrigen :
_bSeix Barral,
_c1984.
300 _a198 p.
440 0 _aObras maestras del siglo XX ;
_v39
650 4 _aLiteratura mexicana
_94466
905 _aLibro
999 _c112052
_d112052